000 00285nam a22001217a 4500
999 _c14010
_d14010
020 _a9789695540770
082 _a954.91
100 _aMuttahir Ahmed Khan
245 _aThe Spectrum of Pakistan Affairs
260 _aLahore
_bMavra Publishers
_c2016
300 _a256 pages
942 _cBK